Welcome to the Holygrace Academy Library

Please use search bar below to get started

COMPREHENSIVE PRACTICAL PHYSICS (Record no. 680)

MARC details
000 -LEADER
fixed length control field 00333nam a22001337a 4500
020 ## - INTERNATIONAL STANDARD BOOK NUMBER
ISBN 978-81-318-0384-4
082 ## - DEWEY DECIMAL CLASSIFICATION NUMBER
Classification number 530
Item number JAI/P
100 ## - MAIN ENTRY--AUTHOR NAME
Personal name J.N.JAISWAL, Dr.RAJENDRA SINGH
245 ## - TITLE STATEMENT
Title COMPREHENSIVE PRACTICAL PHYSICS
260 ## - PUBLICATION, DISTRIBUTION, ETC. (IMPRINT)
Place of publication DELHI
Name of publisher LAXMI PUBLICATIONS
300 ## - PHYSICAL DESCRIPTION
Number of Pages 241
650 ## - SUBJECT ADDED ENTRY--TOPICAL TERM
Topical Term PHYSICS FOR CLASS XII
Geographic subdivision INDIA
942 ## - ADDED ENTRY ELEMENTS (KOHA)
Koha item type Books
Holdings
Withdrawn status Lost status Collection code Home library Current library Shelving location Date acquired Source of acquisition Cost, normal purchase price Full call number Accession Number Koha item type
    Reference Main Library Main Library SHELF-9 B XII PHYSICS 05/03/2011 purchase 125.00 530 JAI/P 05750 Books